Durkheim (Registo nº 199144)

Detalhes MARC
000 -Etiqueta do registo
Valores 00599nam 22001933 4500
100 ## - Dados gerais de processamento
Dados gerais 20251119d u||y0pory50 ba
200 ## - Titulo e menção de responsabilidade
Título próprio Durkheim
Primeira menção de responsabilidade Jean Duvignaud
Outras menções de responsabilidade tradução de Joaquim João Braga
210 ## - Publicação
Local de publicação Lisboa
Nome do editor Edições 70
Data de publicação imp. 1982
215 ## - Descrição física 
Paginação / Volumes 92, [4] p.
Outras indicações físicas brochado
Dimensões 22 cm
225 ## - Colecção 
Título próprio da colecção Biblioteca básica de filosofia
Número de parte ou secção 19
606 ## - Nome comum usado como assunto
ID Autoridade 35
Palavra de ordem Sociologia. Demografia.Estatística
675 ## - CDU
Notação 31
Edição PT
Língua por
700 ## - Autor principal (pessoa individual)
ID Autoridade 15040
Apelido Duvignaud
Nome Jean
Datas 1921-2007
702 ## - Autor secundário (pessoa individual)
ID Autoridade 15041
Apelido Braga
Nome Joaquim João
801 ## - Fonte de origem
País PT
Agência BMMN
Regras de catalogação RPC
830 ## - Notas gerais do catalogador
Criado por Vanda
990 ## - Elementos KOHA
Tipo de documento Livro
Exemplares
Situação do levantamento Biblioteca de origem Código de barras Cota Permissão de empréstimo Tipo de documento Forma de aquisição
  Biblioteca Municipal de Montemor-o-Novo 27905 31 DUV|DEP   Livro Oferta

Powered by Koha